[Event "AUTO-OPEN-692"]
[Site "http://www.queenalice.com/game.php?id=222762"]
[Date "2007.6.9"]
[Round "1"]
[White "Endy"]
[Black "sergiotakahashi"]
[Result "1-0"]
[WhiteElo "1702"]
[BlackElo "1440"]

1. d4 d5 2. h3 Nc6 3. Nf3 Nf6 4. a3 e6 5. b4 a5 6. Bb2 axb4 7. axb4 Rxa1 8. Bxa1
Bxb4+ 9. c3 Ba5 10. Qa4 O-O 11. e3 Bd7 12. Bb5 Qa8 13. Nbd2 Ne4 14. Nxe4 dxe4
15. Ne5 Rd8 16. Nxd7 Rxd7 17. O-O e5 18. d5 Rxd5 19. c4 Rc5 20. Rd1 f6 21. Rd5
Rxd5 22. cxd5 Nb4 23. Bc3 c6 24. Bxb4 cxb5 25. Qxb5 Bxb4 26. Qxb4 Qa1+ 27. Kh2
Qf1 28. Qe7 h5 29. Kg3 Qb1 30. d6 Qb4 31. Qe8+ Kh7 32. d7 Qd6 33. d8=Q Qxd8 34.
Qxd8 f5 35. Kh4 g6 36. Kg5 b5 37. Qe7+ Kg8 38. Kxg6 Kh8 39. Qg7# 1-0

[Event "AUTO-INT-499"]
[Site "http://www.queenalice.com/game.php?id=229393"]
[Date "2007.6.23"]
[Round "1"]
[White "sergiotakahashi"]
[Black "J_Moura"]
[Result "0-1"]
[WhiteElo "1388"]
[BlackElo "1863"]

1. e4 e6 2. Nf3 d5 3. d3 Nf6 4. e5 Nfd7 5. d4 c5 6. Bb5 a6 7. Bxd7+ Nxd7 8. O-O
Qb6 9. c3 Be7 10. Bg5 Bxg5 11. Nxg5 O-O 12. b3 Qd8 13. Qh5 h6 14. Nf3 b5 15.
Nbd2 Bb7 16. a4 Qa5 17. b4 cxb4 18. axb5 Qxb5 19. cxb4 Rfc8 20. Rab1 Rc2 21. h3
Rac8 22. Qh4 Nb6 23. Qe7 Qd7 24. Qxd7 Nxd7 25. b5 axb5 26. Rxb5 Ba6 27. Rbb1
Bxf1 28. Nxf1 Nb8 29. Ne1 R2c4 30. Nd3 Nc6 31. Nc5 Nxd4 32. Nd7 Ne2+ 33. Kh2 Rc1
34. Rxc1 Rxc1 35. Ng3 Nxg3 36. Kxg3 Rc7 37. Nb6 Kf8 38. f4 Ke7 0-1

[Event "AUTO-INT-499"]
[Site "http://www.queenalice.com/game.php?id=229394"]
[Date "2007.6.23"]
[Round "1"]
[White "J_Moura"]
[Black "sergiotakahashi"]
[Result "1-0"]
[WhiteElo "1861"]
[BlackElo "1390"]

1. d4 d5 2. c4 dxc4 3. Nc3 Nc6 4. e3 Nf6 5. Bxc4 e6 6. Nf3 Bb4 7. Bd2 O-O 8. O-O
a6 9. Rc1 Bxc3 10. Bxc3 b5 11. Bd3 b4 12. Bd2 Bb7 13. Qa4 Ng4 14. Be4 e5 15.
Bxc6 Bxc6 16. Qxc6 a5 17. Qxc7 exd4 18. Qxd8 Raxd8 19. Nxd4 f5 20. Rc5 f4 21.
Rxa5 fxe3 22. Bxe3 Nxe3 23. fxe3 Rfe8 24. Nc6 Rd2 25. b3 h6 26. Nxb4 Rxe3 27.
Rd5 Rde2 28. Rd8+ Kh7 29. Rdf8 Re4 30. R8f4 Rxf4 31. Rxf4 g5 32. Rc4 h5 33. Rc1
g4 34. Ra1 h4 35. Nd5 Kh6 36. b4 Kg5 37. a4 1-0

[Event "AUTO-INT-499"]
[Site "http://www.queenalice.com/game.php?id=229395"]
[Date "2007.6.23"]
[Round "1"]
[White "sergiotakahashi"]
[Black "od_xavier"]
[Result "0-1"]
[WhiteElo "1358"]
[BlackElo "1688"]

1. e4 e5 2. Nf3 Nc6 3. Bb5 Nf6 4. Bxc6 dxc6 5. d3 h6 6. Nxe5 Bc5 7. O-O O-O 8.
a3 Be6 9. b4 Bd4 10. c3 Bxe5 11. d4 Bd6 12. e5 Be7 13. exf6 Bxf6 14. Be3 Bd5 15.
a4 Qe7 16. Na3 Qe4 17. Qf3 Qxf3 18. gxf3 Bxf3 19. h3 Bd5 20. c4 Be6 21. Rad1
Rad8 22. d5 cxd5 23. cxd5 Bxh3 24. Rfe1 Bc3 25. Bc5 Bxe1 26. Bxf8 Kxf8 27. Rxe1
Rxd5 28. a5 Rd3 29. Nb5 Rb3 30. Re4 g5 31. Nxc7 Kg7 32. b5 Kg6 33. f4 Kf5 34.
Re7 Kxf4 35. Rxf7+ Kg3 36. Rf2 Rb1+ 37. Rf1 Rxf1# 0-1

[Event "AUTO-INT-499"]
[Site "http://www.queenalice.com/game.php?id=229396"]
[Date "2007.6.23"]
[Round "1"]
[White "od_xavier"]
[Black "sergiotakahashi"]
[Result "1-0"]
[WhiteElo "1649"]
[BlackElo "1438"]

1. e4 e5 2. Nf3 d6 3. Bc4 Nf6 4. Nc3 Bg4 5. h3 Bxf3 6. Qxf3 Be7 7. Nd5 Nxd5 8.
Bxd5 O-O 9. d3 c6 10. Bc4 b5 11. Bb3 a5 12. c3 a4 13. Bc2 d5 14. Be3 d4 15. cxd4
exd4 16. Bd2 c5 17. O-O c4 18. a3 cxd3 19. Bxd3 Qd7 20. Rae1 Na6 21. e5 b4 22.
Qh5 g6 23. Qh6 bxa3 24. bxa3 Bxa3 25. f4 Bb4 26. Bxb4 Nxb4 27. f5 Nxd3 28. f6
Nxe1 29. Qg7# 1-0

[Event "AUTO-INT-499"]
[Site "http://www.queenalice.com/game.php?id=229397"]
[Date "2007.6.23"]
[Round "1"]
[White "sergiotakahashi"]
[Black "Random314"]
[Result "0-1"]
[WhiteElo "1477"]
[BlackElo "1526"]

1. e4 c5 2. Bc4 e5 3. Nf3 d6 4. O-O Nf6 5. d3 Nc6 6. Bg5 Qb6 7. b3 h6 8. Bxf6
gxf6 9. Nc3 Be6 10. Nd5 Bxd5 11. Bxd5 O-O-O 12. Bxc6 Qxc6 13. c3 Rg8 14. b4 c4
15. Nh4 d5 16. f3 d4 17. cxd4 exd4 18. dxc4 Bxb4 19. Nf5 Qxc4 20. Rc1 Qc3 21.
Rxc3+ dxc3 22. Qb3 a5 23. Nxh6 Rg6 24. Nxf7 Rd2 25. Qc4+ Kb8 26. a3 Rgxg2+ 27.
Kh1 Rxh2+ 28. Kg1 Rdg2# 0-1

[Event "AUTO-INT-499"]
[Site "http://www.queenalice.com/game.php?id=229398"]
[Date "2007.6.23"]
[Round "1"]
[White "Random314"]
[Black "sergiotakahashi"]
[Result "1-0"]
[WhiteElo "1510"]
[BlackElo "1513"]

1. d4 d5 2. f4 f5 3. Nc3 Nf6 4. e3 Nc6 5. Bb5 Bd7 6. Nf3 Ne4 7. O-O Nxc3 8. bxc3
a6 9. Bxc6 Bxc6 10. Ne5 Bb5 11. Re1 g6 12. a4 Bc4 13. Nxc4 b5 14. axb5 axb5 15.
Rxa8 Qxa8 16. Na3 c6 17. Qf3 e6 18. Bb2 Bxa3 19. Ra1 Qa5 20. Rxa3 Qb6 21. Ra8+
Kf7 22. Rxh8 c5 23. Rxh7+ Kg8 24. Qh3 Kf8 25. Qh6+ Ke8 26. Qxg6+ Kd8 27. Qg8#
1-0

[Event "AUTO-OPEN-710"]
[Site "http://www.queenalice.com/game.php?id=229496"]
[Date "2007.6.23"]
[Round "1"]
[White "Tiorrona"]
[Black "sergiotakahashi"]
[Result "0-1"]
[WhiteElo "1209"]
[BlackElo "1327"]

1. e4 e5 2. d4 exd4 3. Qxd4 Be7 4. Qxg7 Bf6 5. Qg3 Bh4 6. Qg7 Qf6 7. Qxf6 Bxf6
8. Na3 d6 9. Nb5 Na6 10. Na3 Bd7 11. Nf3 Bg4 12. Bxa6 bxa6 13. Nd2 O-O-O 14. h3
Bh5 15. O-O Be7 16. Re1 Nf6 17. Ndc4 d5 18. exd5 Nxd5 19. Na5 Bb4 20. Nc6 Bxe1
21. Nxd8 Rxd8 22. Bg5 Re8 23. c4 f6 0-1

[Event "AUTO-OPEN-710"]
[Site "http://www.queenalice.com/game.php?id=229497"]
[Date "2007.6.23"]
[Round "1"]
[White "sergiotakahashi"]
[Black "Tiorrona"]
[Result "1-0"]
[WhiteElo "1338"]
[BlackElo "1198"]

1. e4 e5 2. Nf3 Qf6 3. Be2 Nh6 4. O-O Ng4 5. c3 b6 6. d4 exd4 7. cxd4 Bb7 8. d5
Bd6 9. e5 Nxe5 10. Nxe5 Qxe5 11. g3 Bxd5 12. Bf3 Bxf3 13. Qxf3 c6 14. Nc3 Qe6
15. Bf4 Bxf4 16. Qxf4 O-O 17. a4 Na6 18. Rab1 Nc5 19. b4 Nd3 20. Qe3 Qxe3 21.
fxe3 Rfe8 22. e4 Ne5 23. b5 cxb5 24. Nxb5 Nc4 25. Nc7 Nd2 26. Nxa8 1-0

[Event "AUTO-OPEN-710"]
[Site "http://www.queenalice.com/game.php?id=229524"]
[Date "2007.6.23"]
[Round "1"]
[White "sergiotakahashi"]
[Black "ricardofortaleza"]
[Result "0-1"]
[WhiteElo "1411"]
[BlackElo "1291"]

1. e4 e5 2. Nf3 Nf6 3. d3 Bb4+ 4. c3 Ba5 5. Nxe5 O-O 6. Bg5 h6 7. Bxf6 Qxf6 8.
d4 d6 9. Nf3 c5 10. Be2 Bb6 11. O-O cxd4 12. cxd4 Nc6 13. d5 Nd4 14. Nxd4 Bxd4
15. a4 Bd7 16. Ra2 Be5 17. b4 b5 18. axb5 a5 19. Rxa5 Qf4 20. g3 Qxe4 21. Rxa8
Rxa8 22. Qb3 Bh3 23. Bf3 Qg6 24. Bg2 Qg4 0-1

[Event "AUTO-OPEN-710"]
[Site "http://www.queenalice.com/game.php?id=229525"]
[Date "2007.6.23"]
[Round "1"]
[White "ricardofortaleza"]
[Black "sergiotakahashi"]
[Result "1-0"]
[WhiteElo "1268"]
[BlackElo "1434"]

1. e4 e5 2. Nf3 d6 3. Bb5+ Bd7 4. Nc3 Bxb5 5. Nxb5 a6 6. Nc3 Nh6 7. O-O Be7 8.
d4 exd4 9. Nxd4 O-O 10. e5 dxe5 11. Nf3 Qxd1 12. Rxd1 Nc6 13. Re1 Ng4 14. h3 Nh6
15. Nxe5 Nxe5 16. Rxe5 Bd6 17. Bf4 Bxe5 18. Bxe5 c5 19. Rd1 Rae8 20. Re1 f6 21.
Bd6 Rxe1+ 22. Kh2 Rd8 23. Bxc5 g5 24. Bb6 Rd2 25. f4 gxf4 26. Ba5 1-0

[Event "AUTO-OPEN-740"]
[Site "http://www.queenalice.com/game.php?id=239637"]
[Date "2007.7.14"]
[Round "1"]
[White "filipewao"]
[Black "sergiotakahashi"]
[Result "1-0"]
[WhiteElo "1608"]
[BlackElo "1379"]

1. e4 e5 2. d3 Nf6 3. Bg5 Be7 4. Nf3 d6 5. Bh4 O-O 6. Be2 d5 7. Nxe5 dxe4 8.
dxe4 Nxe4 9. Bd3 Bxh4 10. Bxe4 Qf6 11. Ng4 Bxg4 12. Bf3 Bxf3 13. gxf3 Re8+ 14.
Kf1 Qa6+ 15. Kg2 Nc6 16. Nc3 Rad8 17. Qg1 Ne5 18. Kh3 1-0

[Event "AUTO-OPEN-740"]
[Site "http://www.queenalice.com/game.php?id=239638"]
[Date "2007.7.14"]
[Round "1"]
[White "sergiotakahashi"]
[Black "filipewao"]
[Result "0-1"]
[WhiteElo "1386"]
[BlackElo "1601"]

1. e4 e5 2. Nf3 d6 3. Bb5+ c6 4. Bc4 c5 5. O-O Qf6 6. c3 Qg6 7. d3 Bh3 8. Ng5 d5
9. Bxd5 f6 10. Bxb7 fxg5 11. Bxa8 Bd7 12. d4 Bd6 13. dxe5 Bxe5 14. Be3 Nf6 15.
Bxc5 Nxe4 16. Bxe4 Qxe4 17. Bd6 Bc6 18. f3 Qe3+ 19. Kh1 Qf4 0-1

[Event "AUTO-OPEN-740"]
[Site "http://www.queenalice.com/game.php?id=239657"]
[Date "2007.7.14"]
[Round "1"]
[White "rockaudrey"]
[Black "sergiotakahashi"]
[Result "1-0"]
[WhiteElo "1647"]
[BlackElo "1372"]

1. e4 e5 2. Nf3 d6 3. d4 exd4 4. Nxd4 Nf6 5. Nc3 b6 6. Be3 Bb7 7. f3 c5 8. Bb5+
Nfd7 9. Qd2 cxd4 10. Bxd4 a6 11. Bc4 b5 12. Bb3 Qh4+ 13. Bf2 Qf6 14. O-O-O 1-0

[Event "AUTO-OPEN-740"]
[Site "http://www.queenalice.com/game.php?id=239658"]
[Date "2007.7.14"]
[Round "1"]
[White "sergiotakahashi"]
[Black "rockaudrey"]
[Result "0-1"]
[WhiteElo "1367"]
[BlackElo "1652"]

1. e4 c5 2. c4 Nc6 3. Nf3 d6 4. d3 g6 5. b3 Bg7 6. d4 cxd4 7. Bb2 Bg4 8. Bd3 Nf6
9. O-O O-O 10. h3 Bxf3 11. Qxf3 Ne5 12. Qe2 Nxd3 0-1

[Event "AUTO-OPEN-740"]
[Site "http://www.queenalice.com/game.php?id=239667"]
[Date "2007.7.14"]
[Round "1"]
[White "natasha"]
[Black "sergiotakahashi"]
[Result "1-0"]
[WhiteElo "1831"]
[BlackElo "1442"]

1. Nf3 d5 2. b3 e6 3. Bb2 Nf6 4. d3 Be7 5. Nbd2 O-O 6. e3 c5 7. c4 d4 8. exd4
cxd4 9. Bxd4 Nc6 10. Bc3 Ng4 11. Be2 Bf6 12. Bxf6 Qxf6 13. Ne4 Qh6 14. h3 f5 15.
Nd6 a6 16. O-O Nge5 17. Nxe5 Nxe5 18. d4 Nc6 19. c5 Bd7 20. Nxb7 Nb4 21. Nd6 Nd5
22. Bf3 Bc6 23. Qe1 Qf4 24. Qe5 Qxe5 25. dxe5 g5 26. g3 Bb5 27. Nxb5 axb5 28.
Rfd1 Rad8 29. Bxd5 exd5 30. Rd4 f4 31. Rad1 fxg3 32. fxg3 Rf3 33. Kg2 Rf5 34.
Rxd5 Rxd5 35. Rxd5 1-0

[Event "AUTO-OPEN-740"]
[Site "http://www.queenalice.com/game.php?id=239668"]
[Date "2007.7.14"]
[Round "1"]
[White "sergiotakahashi"]
[Black "natasha"]
[Result "0-1"]
[WhiteElo "1430"]
[BlackElo "1801"]

1. e4 c5 2. d3 g6 3. Be2 Bg7 4. Nf3 e6 5. O-O Ne7 6. Bd2 Bxb2 7. Bc3 Bxa1 8.
Bxh8 Bxh8 9. Ng5 h6 10. Nh3 d6 11. c3 Nbc6 12. d4 cxd4 13. cxd4 Nxd4 14. Qa4+
Ndc6 15. Nc3 Bd7 16. Bb5 Bxc3 17. Bxc6 Bxc6 18. Qc4 Be5 19. f4 Qb6+ 20. Kh1 Bb5
21. Qc1 Rc8 22. Qb1 Bxf1 23. Qxf1 Bb2 24. Ng1 Rc1 25. Qxc1 Bxc1 26. g3 Qe3 27.
Kg2 Qxe4+ 28. Kh3 Qe1 29. Nf3 Qf1+ 30. Kg4 f5+ 31. Kh4 Qxf3 32. Kh3 Bxf4 33. a4
g5 34. a5 Qf1# 0-1